Low frequency radio astronomy (Record no. 9286)

MARC details
000 -LEADER
fixed length control field 00899nam a2200193Ia 4500
003 - CONTROL NUMBER IDENTIFIER
control field IN-BaIIA
008 - FIXED-LENGTH DATA ELEMENTS--GENERAL INFORMATION
fixed length control field 211028s9999 xx 000 0 eng d
040 ## - CATALOGING SOURCE
Transcribing agency IIA Library
080 ## - UNIVERSAL DECIMAL CLASSIFICATION NUMBER
Universal Decimal Classification number 52-77
Item number LOW
100 ## - MAIN ENTRY--PERSONAL NAME
Personal name Erickson, W. C.
9 (RLIN) 15620
111 ## - MAIN ENTRY--MEETING NAME
Meeting name or jurisdiction name as entry element Workshop on Low Frequency Radio Astronomy
Location of meeting National Radio Astronomy Observatory, Green Bank, West Virginia
Date of meeting or treaty signing 1984 Nov. 16-17
9 (RLIN) 15621
245 #0 - TITLE STATEMENT
Title Low frequency radio astronomy
Remainder of title proceedings of a workshop on low frequency radio astronomy, held in National Radio Astronomy Observatory, Green Bank, West Virginia, november 16-17,1984
Statement of responsibility, etc. W. C. Erickson and edited by H. V. Cane
260 ## - PUBLICATION, DISTRIBUTION, ETC.
Place of publication, distribution, etc. Green Bank
Name of publisher, distributor, etc. National Radio Astronomy Observatory
Date of publication, distribution, etc. 1986
300 ## - PHYSICAL DESCRIPTION
Extent v, 115p.
490 ## - SERIES STATEMENT
Series statement NRAO Workshop no.10
650 ## - SUBJECT ADDED ENTRY--TOPICAL TERM
Topical term or geographic name entry element Astronomy and astrophysics thesaurus
650 ## - SUBJECT ADDED ENTRY--TOPICAL TERM
Topical term or geographic name entry element Radio astronomy
9 (RLIN) 2849
942 ## - ADDED ENTRY ELEMENTS (KOHA)
Koha item type Books
Holdings
Withdrawn status Lost status Damaged status Not for loan Home library Current library Shelving location Date acquired Total Checkouts Full call number Barcode Date last seen Price effective from Koha item type
        IIA Library-Bangalore IIA Library-Bangalore General Stacks     52-77/ LOW 10193 14/05/2025   Books

Powered by Koha